000 00322nam a2200133Ia 4500
005 20260328104316.0
008 260328s9999||||xx |||||||||||||| ||und||
100 _aBroto, Xavier
245 0 _aHoteles :
_b Arquitectura y DiseƱo /
_cXavier Broto
260 _bLinks
300 _a290 p.
650 _aHOTELES
942 _cBK
999 _c11156
_d11156